[Event "Shepetivka op"]
[Site "Shepetivka"]
[Date "2011.08.18"]
[Round "4"]
[White "Kisel, Nikita"]
[Black "Girak, Ruslan"]
[Result "1-0"]
[WhiteElo "2020"]
[BlackElo "1573"]
[PlyCount "57"]
[EventDate "2011.08.17"]
[EventType "swiss"]
[EventRounds "9"]
[EventCountry "UKR"]
[SourceTitle "EXT 2012"]
[Source "ChessBase"]
[SourceDate "2011.11.24"]
[SourceVersion "1"]
[SourceVersionDate "2011.11.24"]
[SourceQuality "1"]

1. e4 e6 2. d4 d5 3. Nd2 Nf6 4. e5 Nfd7 5. Bd3 c5 6. c3 Nc6 7. Ne2 Qb6 8. Nf3 cxd4 9. cxd4 Bb4+ 10. Kf1 0-0 11. Bc2 f6 12. Qd3 f5 13. g4 Be7 14. a3 g6 15. gxf5 Rxf5 16. Qe3 Rf7 17. h4 Nf8 18. h5 Rg7 19. hxg6 Nxg6 20. Qc3 Qa5 21. b4 Qd8 22. Bh6 Rf7 23. Bxg6 hxg6 24. Qd3 Rf5 25. Ng3 Bd7 26. Nxf5 exf5 27. Rg1 Qe8 28. Qe3 Rc8 29. e6 1-0

[Event "Shepetivka op"]
[Site "Shepetivka"]
[Date "2011.08.17"]
[Round "2"]
[White "Kisel, Nikita"]
[Black "Khabinets, Ivan"]
[Result "0-1"]
[WhiteElo "2020"]
[BlackElo "2203"]
[PlyCount "160"]
[EventDate "2011.08.17"]
[EventType "swiss"]
[EventRounds "9"]
[EventCountry "UKR"]
[SourceTitle "EXT 2012"]
[Source "ChessBase"]
[SourceDate "2011.11.24"]
[SourceVersion "1"]
[SourceVersionDate "2011.11.24"]
[SourceQuality "1"]

1. e4 c6 2. d4 d5 3. e5 Bf5 4. Nf3 e6 5. Be2 Ne7 6. 0-0 Nd7 7. c4 dxc4 8. Bxc4 Nd5 9. Nc3 Be7 10. Qe2 N7b6 11. Bb3 0-0 12. Rd1 Nxc3 13. bxc3 Nd5 14. Bb2 a5 15. c4 Nb4 16. a3 a4 17. axb4 axb3 18. Rxa8 Qxa8 19. Ra1 Qd8 20. Bc3 Qb6 21. c5 Qd8 22. Ra7 Qb8 23. Ra3 b6 24. Qb2 Bc2 25. Ne1 Be4 26. Qxb3 Bd5 27. Qb2 f6 28. Ra6 bxc5 29. dxc5 f5 30. Nc2 f4 31. Nd4 Qe8 32. f3 Bh4 33. Qa3 Qg6 34. Qb2 Qd3 35. Ra1 g6 36. Bd2 g5 37. Qc3 Qg6 38. Ne2 Qf5 39. Qd4 h5 40. Nc3 Bb3 41. Rf1 Bc2 42. Qd7 g4 43. Qxc6 Qxe5 44. Qd6 Qxd6 45. cxd6 e5 46. Rc1 Bd3 47. Be1 Bd8 48. Bf2 Kf7 49. Bc5 gxf3 50. gxf3 Ke6 51. Ra1 Bf6 52. Rd1 Rg8+ 53. Kh1 Bc4 54. Rd2 Ra8 55. h3 Ra1+ 56. Kh2 Bh4 57. Ne4 Kd7 58. Bf2 Bxf2 59. Nxf2 Ra2 60. Rxa2 Bxa2 61. Ne4 Bd5 62. Nf6+ Kxd6 63. Nxh5 Bxf3 64. Nf6 Ke6 65. Ng4 Kf5 66. Kg1 Bc6 67. Kf2 e4 68. Ke2 Bb5+ 69. Kf2 Kg5 70. Ne5 Kf5 71. Ng4 Ba6 72. Nh6+ Ke5 73. Ng4+ Kd4 74. h4 Kd3 75. Ke1 e3 76. h5 Bc8 77. Ne5+ Ke4 78. h6 Bf5 79. b5 Kxe5 80. b6 Kd6 0-1

[Event "Geller Memorial op-A 6th"]
[Site "Odessa"]
[Date "2010.08.22"]
[Round "2"]
[White "Fingerov, Dmitry"]
[Black "Kisel, Nikita"]
[Result "1-0"]
[WhiteElo "2405"]
[BlackElo "1988"]
[PlyCount "53"]
[EventDate "2010.08.21"]
[EventType "swiss"]
[EventRounds "9"]
[EventCountry "UKR"]
[SourceTitle "CBM 138 Extra"]
[Source "ChessBase"]
[SourceDate "2010.10.29"]
[SourceVersion "1"]
[SourceVersionDate "2010.10.29"]
[SourceQuality "1"]

1. d4 Nf6 2. Nc3 d5 3. Bg5 Bf5 4. Bxf6 exf6 5. e3 Bb4 6. Bd3 Bg6 7. h4 0-0 8. h5 Be4 9. Bxe4 dxe4 10. Qg4 Re8 11. Nge2 Qd7 12. Qxd7 Nxd7 13. g4 c6 14. Ng3 Nb6 15. Ke2 Bxc3 16. bxc3 Nc4 17. a4 a5 18. Rhb1 Re7 19. Rb3 h6 20. Rab1 Rb8 21. Nf1 Rc7 22. Nd2 Nd6 23. f3 exf3+ 24. Kxf3 b5 25. c4 Rcb7 26. c5 Nc8 27. Nc4 1-0

[Event "Myrhorod op"]
[Site "Myrhorod"]
[Date "2010.07.14"]
[Round "9"]
[White "Polishchuk, Oleg"]
[Black "Kisel, Nikita"]
[Result "0-1"]
[WhiteElo "2208"]
[BlackElo "1988"]
[PlyCount "149"]
[EventDate "2010.07.09"]
[EventType "swiss"]
[EventRounds "9"]
[EventCountry "UKR"]
[SourceTitle "CBM 137 Extra"]
[Source "ChessBase"]
[SourceDate "2010.09.01"]
[SourceVersion "1"]
[SourceVersionDate "2010.09.01"]
[SourceQuality "1"]

1. d4 Nf6 2. g3 g6 3. Bg2 d5 4. h4 Bg7 5. Nh3 0-0 6. Nf4 c6 7. h5 Re8 8. hxg6 hxg6 9. Nd2 Nbd7 10. Nf3 Qc7 11. Nd3 Ne4 12. Bf4 Qb6 13. c3 c5 14. a4 a5 15. dxc5 Ndxc5 16. Nxc5 Qxc5 17. Be3 Qd6 18. 0-0 b6 19. Qb3 Ba6 20. Rfe1 Bc4 21. Qc2 Rac8 22. Rad1 Nc5 23. Bxc5 Qxc5 24. e4 dxe4 25. Qxe4 e5 26. Qh4 Bb3 27. Rd7 Qc6 28. Nxe5 Qxa4 29. Rd4 Qb5 30. f4 f6 31. Nd3 Rxe1+ 32. Nxe1 Qe2 33. Nd3 Re8 34. Kh2 Bc2 35. Nc1 Qe3 36. Rd7 Qf2 37. Nd3 Bxd3 38. Rxd3 Re2 39. Qh3 f5 40. b3 Bf6 41. Rd7 Be7 42. c4 Kg7 43. Rb7 Kg8 44. Rb8+ Bf8 45. Rc8 Kg7 46. Rc7+ Be7 47. Rd7 Kg8 48. Rd3 Re1 49. Qh6 Qg1+ 50. Kh3 Qh1+ 51. Bxh1 Rxh1+ 52. Kg2 Rxh6 53. Kf3 Kf7 54. Rd7 Ke6 55. Rc7 Bc5 56. Kg2 Rh8 57. Rc6+ Kf7 58. Rc7+ Kf6 59. Rc6+ Kg7 60. Rc7+ Kh6 61. Kh3 Re8 62. g4 Re3+ 63. Kh4 fxg4 64. Kxg4 Rxb3 65. Rc6 Rd3 66. f5 Rd6 67. Rc8 Rd4+ 68. Kf3 gxf5 69. Rh8+ Kg5 70. Rg8+ Kf6 71. Rh8 Rxc4 72. Rd8 a4 73. Ra8 a3 74. Ke2 b5 75. Kd3 0-1